Espais verds urbans : elements de gestió i qualitat / Jaume Marquès Mascarell, Josep M. Mompín Valerí elements de gestió i qualitat / Jaume Marquès Mascarell, Josep M. Mompín Valerí
ISBN:
84-7794-230-7
Descripción Física:
29 p. ; 30 cm
Colección:
Papers de gestió ; 9
Otros Autores:
Mompín Valerí, Josep M.
Materias:
Jardins
MARC
| LEADER | 00000nam a2200000Ia 4500 | ||
|---|---|---|---|
| 001 | 10329 | ||
| 008 | 160829s1993 xx 000 0 cat d | ||
| 020 | |a 84-7794-230-7 | ||
| 080 | |a M-3-138 | ||
| 100 | |a Marquès Mascarell, Jaume |9 30697 | ||
| 245 | |a Espais verds urbans : |b elements de gestió i qualitat / Jaume Marquès Mascarell, Josep M. Mompín Valerí | ||
| 260 | |a Barcelona : |b Diputació de Barcelona. Servei d'Acció Local, |c 1993 | ||
| 300 | |a 29 p. ; |c 30 cm | ||
| 490 | |a Papers de gestió ; 9 | ||
| 590 | |a Títol a la coberta: Programa d'Assessorament Municipal en Gestió d'Obres. | ||
| 650 | |a Jardins |9 30698 | ||
| 700 | |a Mompín Valerí, Josep M. |9 30699 | ||
| 710 | 1 | |a Barcelona (Catalunya : Província). |b Servei d'Acció Local |9 55536 | |
| 901 | |a Arxiu | ||
| 942 | |n 1 | ||
| 952 | |0 0 |1 0 |4 0 |6 M3138 |7 1 |9 45492 |a Arxiu |b Arxiu |d 2016-12-01 |l 0 |o M-3-138 |p 10329 |r 2016-12-01 00:00:00 |w 2016-12-01 |y ARXIU | ||
| 952 | |0 0 |1 0 |2 udc |4 0 |6 PDL |7 1 |9 63939 |a Arxiu |b Arxiu |d 2022-10-10 |l 0 |o PDL |p 26830 |r 2022-10-10 00:00:00 |w 2022-10-10 |y ARXIU | ||
| 999 | |c 48657 |d 48657 | ||